00314nam a2200121Ia 450000500170000000800410001708200130005810000150007124500290008626000260011530000130014150000380015420250320133727.0240331s9999 xx 000 0 und d bNIRa894 aNirmala, S 0aThamil nadaka nadikaiyar aChennaibKaavyac2003 a289 p ., aA book of Tamil Nadaga Varalaaru